000 01526nam2a2200229 4500
001 rc\2839527
005 20260315045727.0
035 _a(NLR Aleph) 006997137
090 _a13574385
_c13574385
100 _a20110629d1930 u y0rusy50 ca
101 0 _arus
102 _aRU
105 _ay z |||||
200 1 _aТекст к Атласу...
210 _d1930
215 _a24 с.
_d26х17 см
461 0 _1001rc\2839525
_12001#$aАтлас по металлографии цветных металлов ...$eСоставлен группой студентов-металлургов МВТУ. Вып. 1-$fПод руководством инж. А.А. Бочвара$gС предисл. проф. А.М. Бочвара$gМоск. высш. техн. училище. Науч. хим.-технол. кружок им. Д. И. Менделеева$vПриложение
_95684214
_aМосковское высшее техническое училище им. Баумана. Научный химико-технический кружок им. Д.И. Менделеева
_cМосква
_d1930
_fПод руководством инж. А.А. Бочвара
_nМоск. высш. техн. училище
_oСоставлен группой студентов-металлургов МВТУ. Вып. 1-
_tАтлас по металлографии цветных металлов ...
_vПриложение
801 0 _aRU
_bNLR
_gpsbo
801 1 _aRU
_bELAR
_2rusmarc
852 _aNLR
_j30.19/115
942 _cUNSPEC
980 _aNB